Tribhuvan University Central Library

Revisiting the Nepalese peace process (Record no. 111804)

MARC details
000 -LEADER
fixed length control field 00453nam a22001457a 4500
008 - FIXED-LENGTH DATA ELEMENTS--GENERAL INFORMATION
fixed length control field 240201b |||||||| |||| 00| 0 eng d
082 ## - DEWEY DECIMAL CLASSIFICATION NUMBER
Classification number 327.172095496/M678r
100 ## - MAIN ENTRY--PERSONAL NAME
Personal name Mishra, Birendra Prasad
9 (RLIN) 1505
245 ## - TITLE STATEMENT
Title Revisiting the Nepalese peace process
260 ## - PUBLICATION, DISTRIBUTION, ETC.
Place of publication, distribution, etc. Kathmandu:
Name of publisher, distributor, etc. Human Development and Peace Campaign Nepal,
Date of publication, distribution, etc. 2012
300 ## - PHYSICAL DESCRIPTION
Other physical details xiv, 144p.
504 ## - BIBLIOGRAPHY, ETC. NOTE
Bibliography, etc. note includes bibliography
650 ## - SUBJECT ADDED ENTRY--TOPICAL TERM
Topical term or geographic name entry element Peace -building, Nepal
942 ## - ADDED ENTRY ELEMENTS (KOHA)
Source of classification or shelving scheme Dewey Decimal Classification
Koha item type General Collections
Holdings
Withdrawn status Lost status Source of classification or shelving scheme Damaged status Not for loan Home library Current library Shelving location Date acquired Total Checkouts Full call number Barcode Date last seen Price effective from Koha item type
    Dewey Decimal Classification     Tribhuvan University Central Library Tribhuvan University Central Library New Building 02/01/2024   327.172095496/M678r G87923 02/01/2024 02/01/2024 General Collections